| 000 | 00695cam a22002175a 4500 | ||
|---|---|---|---|
| 008 | 100906s2003 n |||||r|||| 00| 0 eng d | ||
| 010 | _a2003050631 | ||
| 020 | _a0134373774 | ||
| 020 | _a9780134373775 | ||
| 040 |
_aEG-ScBUE _beng _cEG-ScBUE |
||
| 082 | 0 | 4 |
_a005.2768 _222 _bVIS |
| 245 | 1 | 0 |
_aVisual C++ .NET : _bhow to program / _cH.M. Deitel ... [et al.]. |
| 260 |
_aNew Jersy : _bPearson Education, _c2004. |
||
| 300 |
_axxxvi, 1319 p. : _bill. ; _c23 cm. |
||
| 500 | _aindex 1283-1319. | ||
| 650 | 0 |
_aC++ (Computer program language) _918444 _2BUEsh |
|
| 650 | 0 |
_aMicrosoft .NET. _918445 _2BUEsh |
|
| 651 | _2BUEsh | ||
| 700 | 1 |
_aDeitel, Harvey M., _d1945- _918446 |
|
| 942 |
_cBB _k005.2768 VIS _2ddc |
||
| 999 |
_c484 _d484 |
||